| 000 | 01459nam a2200241Ia 4500 | ||
|---|---|---|---|
| 003 | OSt | ||
| 005 | 20210715133529.0 | ||
| 008 | 210310s2009 ck gr 000 0 spa d | ||
| 020 | _a9789583506710 | ||
| 040 |
_aCO-JMCR _cCO-JMCR |
||
| 041 | 0 | _aspa | |
| 082 | 0 | 4 |
_a344.02 / _bM386p _223 |
| 100 | 1 |
_aMartínez Cifuentes, Juan, _eautor _926653 |
|
| 245 | 1 | 3 |
_aLa pensión de sobrevivientes / _cJuan Martínez Cifuentes |
| 260 |
_aBogotá : _bTemis, _c2009. |
||
| 300 |
_axv, 196 páginas _c24 cm. |
||
| 501 | _aCon: notas a pie de pagina. | ||
| 504 | _aBibliografía: páginas [199]. | ||
| 505 | _aMarco de referencia. -- Aspectos generales de la pensión de sobrevivientes. -- La pensión de sobrevivientes en el nuevo sistema general de pensiones. -- La indemnización sustitutiva. -- Conceptos aplicables para otorgar la pensión de sobrevivientes. -- Principios constitucionales aplicables al derecho a la pensión de sobrevivientes. -- La pensión de sobrevivientes para las parejas del mismo sexo. -- Judicialización de la protección a la seguridad social. -- De la pensión de sobrevivientes en Colombia y en otras legislaciones de América y Europa. -- Comentarios y críticas al sistema integral de seguridad social relativo a la pensión de sobrevivientes. -- Preguntas frecuentes de los usuarios del sistema. | ||
| 650 | 1 | 4 |
_aPensión de sobrevivientes _926655 |
| 650 | 2 | 4 |
_aDerechos pensionales de sobrevivientes _938490 |
| 942 |
_2ddc _cBK |
||
| 999 |
_c11865 _d11865 |
||